Largest North American Countries Minefield Quiz Stats

 Plays Quiz Updated Sep 25, 2019

Support Sporcle.
Go Orange.
Score 0/10 Timer 04:00
2 Plays Today
% Correct
???
98.3%
???
98.3%
???
97.6%
???
79.7%
???
70.6%
???
70.6%
???
68.1%
???
65.2%
???
60%
???
53.9%

You're not logged in!

Compare scores with friends on all Sporcle quizzes.
OR
Log In
Forgot?

From the Vault

Draw a Badge: European Tour

by bortoluka

Earning badges is nice, but drawing them is pretty dang fun.
Remove Ads.
Support Sporcle.
Get the best of Sporcle when you Go Orange. This ad-free experience offers more features, more stats, and more fun while also helping to support Sporcle. Thank you for becoming a member.

Show Comments

Extras

Top Quizzes Today


Score Distribution

Your Account Isn't Verified!

In order to create a playlist on Sporcle, you need to verify the email address you used during registration. Go to your Sporcle Settings to finish the process.

Report this User

Report this user for behavior that violates our Community Guidelines.

Details: